000 00448cam a2200169ua 4500
003 OSt
008 240123b |||||||| |||| 00| 0 eng d
020 _a81 7233 106 5
041 _aeng
082 _a632.3
_bGUP/IN
100 _aGupta, V K .
_95768
245 _aIntegrated disease management and plant health /
260 _aJodhpur :
_bScientific Publishers ,
_c1995.
300 _a319 ; .
700 1 _aSharma, R C .
_94304
942 _cBK
999 _c10471
_d10471